000 00463nam a2200181 i 4500
001 bgj
100 1 _aZWEIG, Arnold.
245 1 0 _aDer Streit um den Sergeanten Grischa :
_bRoman /
_cArnold Zweig.
260 _aBerlin :
_bAufbau-Verlag,
_c1961.
300 _a504, [4] s. ;
_c20 cm.
650 9 _aPowieść niemiecka
040 _cBPK
041 0 _ager
044 _aDEU
080 _a821.112.2-3
942 _cKS
008 s gw f |000 0 ger
999 _c49890
_d49890
856 _uhttp://koha.tu.koszalin.pl/cgi-bin/koha/opac-detail.pl?biblionumber=49890
_yKatalog online BPK